000 00218 a2200097 4500
001 11398
100 _aSoloveytchik, G.
245 _aSwitzrland on Perspective
260 _a
_bOxford University
_c
090 _c8945
_d8945
942 _aNUST-CAE
_c
_c35761
999 _c246471
_d246471